| 000 | 00413nam a22001577a 4500 | ||
|---|---|---|---|
| 999 |
_c12111 _d12111 |
||
| 008 | 210120b ||||| |||| 00| 0 eng d | ||
| 082 | 0 | 0 |
_a510.2462 _bK9254 |
| 100 |
_94326 _a Kreyszig, Erwin |
||
| 245 | 1 | 0 |
_aAdvanced engineering mathematics _cBy Erwin Kreyszig |
| 250 | _a3d ed. | ||
| 260 |
_aNew York _bWiley _c1970 |
||
| 300 | _a300 p. | ||
| 365 | _d18.00 | ||
| 650 | 0 | _aEngineering Mathematics | |
| 942 | _cBK | ||